| 000 | 00799cab a2200265 4500 | ||
|---|---|---|---|
| 001 | WB3404-26 | ||
| 008 | 090401t1998 xxu||||| |||| 00| 0 eng d | ||
| 035 | _a(Sirsi) u83344 | ||
| 041 | _aeng | ||
| 245 | _aPrime homes | ||
| 260 | _c1998 | ||
| 350 | _a0 | ||
| 490 |
_aProperty Week _v61(3) 23 January 1998, 15(1) |
||
| 520 | _aFPD Savills research shows that return from London`s prime residential property market improved by 47% in 1997. Table. | ||
| 650 | _aCAPITAL VALUES | ||
| 650 | _aHOUSE PRICES | ||
| 650 | _aINVESTMENT MARKET | ||
| 650 | _aLONDON | ||
| 650 | _aPRIME RESIDENTIAL PROPERTY | ||
| 650 | _aPROPERTY RETURNS | ||
| 650 | _aRESIDENTIAL PROPERTY MARKET | ||
| 690 | _aPROPERTY-RESIDENTIAL PROPERTY-RESIDENTIAL PROPERTY MARKET | ||
| 942 | _n0 | ||
| 948 | _c27/01/1998 | ||
| 999 |
_c52634 _d52634 |
||